Générique de Dessins animés par premiers mots - Statistiques

Statistiques générales
  • Ce quiz a été pris 5 681 fois
  • Le résultat moyen est 9 sur 20
Statistiques - réponses
Paroles Dessin animé % Correct
Un jour je serai le meilleur dresseur... Pokémon
99%
Qui vit dans un ananas dans la mer?... Bob l'Éponge
90%
Enfant du soleil, tu parcoures la Terre, le ciel... Les Mystérieuses cités d'or
83%
Pas de panique à bord... Les Ratz
74%
On ira, on saura sauver notre existence... Code Lyoko
71%
__ ____, c'est l'Amérique... Tom Sawyer
71%
Hé là, qui va là? Inspecteur Gadget
62%
Je suis sans famille, je m'appelle ___ Rémi sans famille
57%
En avant! Il faut foncer droit au but... Olive et Tom
55%
Entre 4 vestes, 2 haies de buissons... Foot 2 Rue
51%
_____ ___, tu n'es pas de notre Voie Lactée Capitaine Flam
49%
Accoure vers nous, prince de l'espace... Goldorak
43%
____! ____! Du fond de la nuit d'or... Albator
31%
Une ombre file dans la nuit... Nicky Larson
19%
____, petit montre, tu es le champion... Digimon
16%
Dans un pays de tous les temps... Maya l'abeille
16%
____ ___, la quête finale... Dragon Ball
13%
Des quatre coins de l'Univers... Les Chevaliers du Zodiaque
11%
___ __, moitié soleil et moitié pluie... Ranma 1/2
7%
C'est l'heure d'_____... Hamtaro
6%
Aucun quiz correspondant
Distribution des résultats
% des personnes avec chaque résultat
Percentile par nombre de réponses
Votre historique - résultats
Vous n’avez pas pris ce quiz